000 00541nam a2200181Ia 4500
003 GCL
008 140319s9999 xx 000 0 ara d
040 _aGCL /
_cGCL
082 0 4 _a250
_bا ج
100 1 _aاحمد بن تيميه
245 1 0 _aالجهاد: لشيخ الاسلام احمد بن تيمية /
_cاحمد بن تيميه
700 1 _aعبدالرحمن عميرة
260 _a[S.N] :
_bدار الجيل ،
_c1991
300 _a272 ص
490 _a
650 0 4 _aالجهاد فى الاسلام
942 _2ddc
_cBK
999 _c54003
_d54003